| 000 | 004940000a22001810004500 | ||
|---|---|---|---|
| 003 | MACL | ||
| 005 | 20160421160415.0 | ||
| 008 | 160421b xxu||||| |||| 00| 0 eng d | ||
| 040 |
_aMACL _cMACL |
||
| 041 | _aHindi | ||
| 082 | _a792 | ||
| 100 |
_aसत्यांनद मिश्र _953222 |
||
| 245 | _aपटकथा | ||
| 260 |
_bसत्यांनद मिश्र _aभोपाल |
||
| 350 | _a60 | ||
| 650 |
_aStage Presentation _97498 |
||
| 942 |
_cHIN _k780 _2ddc |
||
| 999 |
_c21845 _d21845 |
||